000 00462nmm a2200157Ia 4500
008 251105s9999||||xx |||||||||||||||||und||
020 _a9781558858503
041 _aeng
100 _aGonzález, José B.
245 0 _aWhen Love Was Reels: Poetry
264 _a[Washington, Estados Unidos] :
_bArte Público Press,
_c2017
300 _a87 páginas
650 _aLatin American poetry
856 _uhttps://public.digitaliapublishing.com/a/56069
942 _cCF
999 _c74930
_d74930